| 000 | 00873cam a2200253 4500 | ||
|---|---|---|---|
| 008 | #DATE n2000 000 0 eng u | ||
| 020 | _a1859460801 | ||
| 035 | _a(Sirsi) u116806 | ||
| 041 | _aeng | ||
| 050 | _a658.404 | ||
| 110 |
_aRoyal Institute of British Architects _92527 |
||
| 245 | _aArchitect`s job book | ||
| 250 | _a7th ed. | ||
| 260 |
_aLondon _bRIBA Publications _c2000 |
||
| 300 |
_a282p. _c28cm. |
||
| 350 | _a55.00 | ||
| 520 | _aServes as a point of reference for job administration and provides a systematic operational framework that can be adopted and applied to any building type or procurement method. | ||
| 650 | _aARCHITECTS' JOB BOOK | ||
| 650 | _aBUILT ENVIRONMENT-BUILDING CONTRACT FORMS | ||
| 650 | _aCONTRACT ADMINISTRATION | ||
| 690 | _aBUILT ENVIRONMENT-BUILDING CONTRACT FORMS | ||
| 700 |
_aLupton, S. _xEditor |
||
| 942 | _n0 | ||
| 999 |
_c101900 _d101900 |
||